LA MUSICA EN LOS ESTADOS UNIDOS (Registro nro. 49293)
[ vista simple ]
| 000 -LEADER | |
|---|---|
| fixed length control field | 00437nam a2200169 a 4500 |
| 001 - CONTROL NUMBER | |
| control field | 49293 |
| 005 - DATE AND TIME OF LATEST TRANSACTION | |
| control field | 20180714033931.0 |
| 008 - FIXED-LENGTH DATA ELEMENTS--GENERAL INFORMATION | |
| fixed length control field | 140415s1955 sp 000 0 spa d |
| 041 ## - LANGUAGE CODE | |
| Language code of text/sound track or separate title | spa |
| 082 ## - DEWEY DECIMAL CLASSIFICATION NUMBER | |
| Classification number | 780.973 |
| Item number | FRA |
| 100 1# - MAIN ENTRY--PERSONAL NAME | |
| Personal name | FRANCO, ENRIQUE |
| 245 13 - TITLE STATEMENT | |
| Title | LA MUSICA EN LOS ESTADOS UNIDOS |
| 260 ## - PUBLICATION, DISTRIBUTION, ETC. | |
| Place of publication, distribution, etc. | ESPAÑA : |
| Name of publisher, distributor, etc. | ATENEO, |
| Date of publication, distribution, etc. | 1955 |
| 300 ## - PHYSICAL DESCRIPTION | |
| Extent | 49 |
| 490 ## - SERIES STATEMENT | |
| Series statement | O. CRECE O.MUERE |
| 650 14 - SUBJECT ADDED ENTRY--TOPICAL TERM | |
| Topical term or geographic name entry element | MUSICA |
| General subdivision | ESTADOS UNIDOS |
| Withdrawn status | Lost status | Source of classification or shelving scheme | Damaged status | Not for loan | Collection code | Home library | Current library | Shelving location | Date acquired | Source of acquisition | Inventory number | Total Checkouts | Full call number | Barcode | Date last seen | Date last checked out | Price effective from | Koha item type |
|---|---|---|---|---|---|---|---|---|---|---|---|---|---|---|---|---|---|---|
| Dewey Decimal Classification | General | Biblioteca Karol Wojtyla | Biblioteca Karol Wojtyla | Sala general | 03/12/2013 | Compra | 151000000000000000023031 | 1 | 780.973 FRA | 7372 | 05/01/2026 | 26/09/2018 | 03/12/2013 | Libro |